| 000 | 00564nam a22002057a 4500 | ||
|---|---|---|---|
| 003 | OSt | ||
| 005 | 20140310181923.0 | ||
| 008 | 130719t xxu||||| |||| 00| 0 eng d | ||
| 050 |
_aM 1206 _b.B448 2005 |
||
| 082 |
_aTR 788.96 _bB41l 2005 |
||
| 100 |
_aBellstedt, Herman Jr. _92010 |
||
| 245 |
_aLa Mandolinata / _cHerman Bellestedt, Jr. |
||
| 260 |
_aArizona : _bHickman music editions, _cc2005. |
||
| 300 |
_a12 p. : _bill. ; _c28 cm. |
||
| 521 | _aFaculty | ||
| 541 | _j1 | ||
| 562 | _e1 | ||
| 650 |
_aPiano _xmusic. _92011 |
||
| 942 |
_2lcc _cBK-TR _kTR |
||
| 999 |
_c7091 _d7091 |
||